000 00298nam a2200121Ia 4500
008 220120s9999||||xx |||||||||||||| ||und||
082 _a823 GRI
100 _aGrisham, John
_911876
245 4 _aThe litigators
260 _aHodder
_bnEW dELHI
_c2011
300 _a1084p.
_b625
650 _aELECTRONICS
999 _c137537
_d137537